LEADER 01172nam a2200265 i 4500 001 000000152523 003 CaOOAMICUS 005 20060816000000.0 008 060816s1973 it u000 u ita u 013 $a129864 040 $aSeMil$bita 100 1 $aHobbes, Thomas,$d<1588-1679>.$0(OLS)http://semarc/name/1205 245 13$aIl pensiero etico-politico :$bAntologia /$cThomas Hobbes ; [a cura di Arrigo Pacchi]. 260 $aFirenze :$bLa Nuova Italia,$c1973. 300 $aXLVI, 257 p. ;$c20 cm. 490 0 $aPensatori antichi e moderni ;$v88 600 14$aHobbes, Thomas <1588-1679>.$0(OLS)http://semarc/subject/6098 650 4$aFilosofia politica.$0(OLS)http://semarc/subject/358 700 1 $aPacchi, Arrigo,$d<1933-1989>.$0(OLS)http://semarc/name/34849 830 0$aPensatori antichi e moderni ;$v88.$0(OLS)http://semarc/title/7234 850 $aSeMil 852 $aSeMil$W1$xVenegono$y1$m2P I 671$j104477$B104477$CSeMilBibl$Z2$F113753 $81 961 $aLascito: Gogna prof.ssa Silvia 996 $6245$aIl pensiero etico-politico :$bAntologia$9(OLS)http://semarc/title/223001 996 $6260$aFirenze :$bLa Nuova Italia$9(OLS)http://semarc/publisher/30055 LEADER 01125nam a2200217 4500 001 000000333007 003 CaOOAMICUS 005 20231207144930.0 008 190321s1764 fr 000 u fre r 040 $aSeMil$bita 100 1 $aBaillet, Magdeleine Elisabeth,$d.$0(OLS)http://semarc/name/109204 245 00$aPieces justificatives de la maladie de Madeleine-Elisabeth Bailleux, & de sa guérison opérée par N. S. Jesus-Christ, à l'intercession de S. Maur le 12 Juin 1764. 264 1$c1764. 300 $a57, [1] p. ;$c12° 500 $aData di pubblicazione presunta, nel testo 650 4$aMiracoli - Cristianesimo.$0(OLS)http://semarc/subject/48228 850 $aSeMil 852 $aSeMil$W1$xVenegono$y1$m3X I 101 FA$j211761$qLegato con 3X I 97 FA$B225212$CSeMilBibl$Z2$F225212 $8I 996 $6245$aPieces justificatives de la maladie de Madeleine-Elisabeth Bailleux, & de sa guérison opérée par N. S. Jesus-Christ, à l'intercession de S. Maur le 12 Juin 1764$9(OLS)http://semarc/title/422158 996 $6264$a[S.l.] :$b[s.n.]$9(OLS)http://semarc/publisher/0